Countries in their Native Language- Part 3 - Statistics

General Stats
  • This quiz has been taken 22 times
  • The average score is 14 of 15
Answer Stats
Hint Answer % Correct
Azərbaycan Azerbaijan
100%
Қазақстан Kazakhstan
100%
Lietuva Lithuania
100%
Россия Russia
100%
O'zbekiston Uzbekistan
100%
Civitas Vaticana Vatican City
100%
Magyarország Hungary
95%
日本 Japan
95%
الإمارات العربية المتحدة United Arab Emirates
95%
Éire Ireland
86%
Точикистон Tajikistan
86%
Κύπρος Cyprus
76%
မြန်မာ Myanmar
76%
پاکستان Pakistan
76%
Србија Serbia
71%
No matching quizzes found
Score Distribution
Percent of People with Each Score
Percentile by Number Answered
Your Score History
You have not taken this quiz